000 00945cab a2200229 4500
001 ABS68600
008 050128n2005 000 0 eng u
035 _a(Sirsi) u128663
100 _aJohnson, R.
245 _aSignificance of cracks in low-rise buildings - what you need to know
260 _c2005
490 _aProceedings of the Institution of Civil Engineers
_v158(1) February 2005, 30-35(6)
520 _aSummarises how civil engineers should approach a structural survey of a domestic property, particulary in relation to the significance of cracks. Although the work may be low value or pro bono, the financial impact on the client of getting it wrong can be significant. References.
590 _aABS
650 _aLOW-RISE BUILDINGS
650 _aRESIDENTIAL BUILDINGS
650 _aCRACKS
650 _aBUILDING SURVEYS
650 _aSTRUCTURAL SURVEYS
690 _aBUILT ENVIRONMENT-BUILDING PATHOLOGY
942 _n0
999 _c74777
_d74777